000 01235namaa2200313 i 4500
003 EG-GICUC
005 20260429123657.0
008 260429s2005 ua |||jr|||| 000 0 ara d
017 _a2005 / 22321
_bدار الكتب والوثائق القومية (مصر)
020 _a9776102263
040 _aEG-GiCUC
_bara
_cEG-GiCUC
_dEG-GiCUC
_erda
082 0 4 _221
_a416
_bG4279
092 0 4 _221
_a416
_bG4279
099 _a416 G4279
100 1 _aغراب، احمد
_eمؤلف.
245 _aموسيقى الشعر :
_bعلم العروض والقوافى /
_cتأليف الشاعر أحمد غراب.
264 _aالقاهرة (مصر) :
_bدار طيبة للنشر والتوزيع والتجهيزات العلمية،
_c2005.
300 _a226 صفحة
_b؛
_c24 سم
336 _2rdacontent
_atext
337 _2rdamedia
_aUnmediated
338 _2rdacarrier
_avolume
504 _aيشتمل على ارجاعات ببليوجرافية.
541 _aد. جابر عصفور ؛
_bالقاهرة ؛
_cإهداء ؛
_d2024.
650 1 7 _aاللغة العربية
_xالعروض والقوافى
_2qrmak
650 1 7 _aالاوزان الشعرية
_2qrmak
651 1 _2qrmak
905 _aAya
942 _2ddc
_cBK
_e21
_n0
999 _c179809
_d179809